000 00586nam a22002177a 4500
003 UA-OsUOA
001 115757
007 ta
008 20160118b un ||||| |||| 00| 0 ukr d
100 _aТкачук О.
090 _a82
_bТ48
942 _cSA
040 _aUA-OsUOA
_bukr
_cUA-OsUOA
_dUA-OsUOA
245 _aВідлуння стоїчної філософії в ліриці Івана Франка
300 _aС.36-43
955 _a0
041 _aukr
080 _a82
773 0 _w115753
650 7 _a82 Література. Літературознавство
_2UDC
999 _c401573
_d401573